KOHA-Header-6

Distributed Systems Concepts and Design (Record no. 6493)

000 -LEADER
fixed length control field 00275nam a2200109Ia 4500
100 ## - MAIN ENTRY--AUTHOR NAME
Personal name Coulouris, George
245 #0 - TITLE STATEMENT
Title Distributed Systems Concepts and Design
260 ## - PUBLICATION, DISTRIBUTION, ETC. (IMPRINT)
Place of publication USA
Name of publisher McGraw-Hill
Year of publication 2000
300 ## - PHYSICAL DESCRIPTION
Number of Pages 644
942 ## - ADDED ENTRY ELEMENTS (KOHA)
Koha item type Books
Holdings
Withdrawn status Lost status Collection code Permanent Location Current Location Shelving location Date acquired Full call number Accession Number Koha item type
    Computer Science MAJU MAJU   2019-09-07 910.9 1316 Computer Science

Powered by Koha